NHL: Top 50 Point Scorers Of All Time - Statistics

General Stats
  • This quiz has been taken 58 times
  • The average score is 22 of 50
Answer Stats
Points Team Player % Correct
2857 Oilers Wayne Gretzky
100%
1887 Oilers Mark Messier
86%
1850 Red Wings Gordie Howe
84%
1921 Penguins Jaromir Jagr
81%
1641 Avalanche Joe Sakic
79%
1410 Capitals Alex Ovechkin
77%
1539 Sharks Joe Thornton
74%
1723 Penguins Mario Lemieux
74%
1409 Penguins Sidney Crosby
74%
1755 Red Wings Steve Yzerman
74%
1798 Whalers Ron Francis
70%
1457 Ducks Teemu Selanne
67%
1590 Bruins Phil Esposito
65%
1374 Stars Mike Modano
63%
1398 Oilers Jari Kurri
60%
1394 Kings Luc Robitaille
60%
1425 Islanders Bryan Trottier
58%
1531 Oilers Paul Coffey
56%
1391 Blues Brett Hull
53%
1300 Flames Jarome Iginla
53%
1349 Maple Leafs Mats Sundin
53%
1353 Canadiens Guy Lafleur
51%
1467 Blackhawks Stan Mikita
51%
1409 Jets Dale Hawerchuk
47%
1197 Sharks Patrick Marleau
42%
1533 Flyers Mark Recchi
40%
1771 Kings Marcel Dione
37%
1414 Maple Leafs Doug Gilmour
35%
1210 Flyers Bobby Clarke
33%
1369 Bruins Johnny Bucyk
33%
1335 Capitals Mike Gartner
33%
1354 Red Wings Brendan Shanahan
30%
1239 Nordiques Peter Stastny
30%
1420 Bruins Adam Oates
28%
1200 North Stars Dino Ciccarelli
28%
1338 Sabres Dave Andreychuck
26%
1338 Blackhawks Denis Savard
26%
1579 Bruins Ray Borque
26%
1274 Flames Al MacInnis
19%
1327 Islanders Pierre Turgeon
19%
1281 Red Wings Alex Delvecchio
16%
1219 Canadiens Jean Beliveau
14%
1267 Rangers Jean Ratelle
14%
1326 Sabres Gilbert Perrault
12%
1216 Blackhawks Jeremy Roenick
12%
1205 Canadiens Vincent Damphousse
9%
1217 Capitals Larry Murphy
7%
1229 Red Wings Norm Ullman
7%
1232 Sabres Phil Housley
7%
1209 Kings Bernie Nicholls
5%
No matching quizzes found
Score Distribution
Percent of People with Each Score
Percentile by Number Answered
Your Score History
You have not taken this quiz